| 000 | 00884nam a2200301Ia 4500 | ||
|---|---|---|---|
| 003 | GCL | ||
| 008 | 140319s9999 xx 000 0 ara d | ||
| 040 |
_aGCL / _cGCL |
||
| 082 | 0 | 4 |
_a155.924 _bع ا |
| 100 | 1 | _aعبدالحليم محمود | |
| 245 | 1 | 0 |
_aالاسرة وابداع الابناء / _cعبدالحليم محمود |
| 260 |
_a[S.N] : _bدار المعارف ، _c1980 |
||
| 300 | _a332 ص | ||
| 490 | _a | ||
| 650 | 0 | 4 | _aالاسرة |
| 650 | 0 | 4 | _aالاطفال |
| 650 | 0 | 4 | _aعلم النفس |
| 650 | 0 | 4 | _aالعلاقات الانسانية |
| 650 | 0 | 4 | _aعلم النفس الاجتماعى |
| 650 | 0 | 4 | _aالنبوغ |
| 650 | 0 | 4 | _aالاباء والابناء |
| 650 | 0 | 4 | _aتجارب |
| 650 | 0 | 4 | _aالقدرة الخلاقة |
| 650 | 0 | 4 | _aالابتكار |
| 650 | 0 | 4 | _aالوالدين |
| 650 | 0 | 4 | _aالابداع |
| 942 |
_2ddc _cBK |
||
| 999 |
_c27597 _d27597 |
||